000 01076cam a2200301 a 4500
001 000006159
005 20200929151945.0
008 930422s1985 sp 000 p spa d
020 _a8400058542
035 _a(DLC) 91216984
035 _a(OCoLC)12741429
040 _aDO-SdBNP
_cWU
_dDLC
_dBNPHU
082 _a861.6
_bM798m
100 1 _aMontón Puerto, Pedro.
_917291
245 1 0 _aManual del corazon /
_cPedro Montón Puerto.
260 _aZaragoza :
_bInstitución "Fernando el Católico",
_c[1985].
300 _a57 p. ;
_c25 cm.
490 1 _a"San Jorge"
_v43
490 1 _aPublicación de la Institución "Fernando el Católico"
_v1005
490 1 _aPublicación del Centro de Estudios Bilbilitanos
_v17
650 4 _aPoesía española
_9631
650 4 _aLiteratura española
_ySIGLO XX
_93326
830 0 _a"San Jorge" ;
_v43.
_914363
830 0 _aPublicación de la Institución "Fernando el Católico" ;
_v1005.
_913716
830 0 _aPublicación del Centro de Estudios Bilbilitanos ;
_v17.
_917292
910 _aCatalogación por copia / LC
049 _aBNGR
999 _c5955
_d5955